| 000 | 00396nam a22001457a 4500 | ||
|---|---|---|---|
| 999 |
_c524022 _d524022 |
||
| 020 | _a0-671-61733-8 | ||
| 040 | _cNUST | ||
| 082 |
_a658.4 _bKAN |
||
| 100 |
_aKanter, Rosabeth Moss _914848 |
||
| 245 |
_aWhen giants learn to dance / _cRosabeth Moss Kanter. |
||
| 260 |
_aNew York : _bSimon & Schuster Lnc, _c1990. |
||
| 300 |
_a415 p. : _c23 cm. |
||
| 500 | _aIncludes Indexes. | ||
| 942 |
_2ddc _cBK |
||